000 00884nam a2200337 a 4500
003 AR-BaBNM
005 20251128210528.0
008 082120s2002 ||||||||||||||000 | spa||
020 _a84-7960-172-8
040 _cAR-BaBNM
100 1 _aAmirian, Nazanin
245 0 0 _aCuentos persas
250 _a1ª ed.
260 _aMadrid
_bEdiciones de la Torre
_c1997
300 _a124 p.
_bil.
490 0 _aAlba y mayo. Narrativa
_vv. 18
500 _aContiene referencias bibliográficas
650 4 _aLITERATURA ASIATICA
650 4 _aMITOLOGIA
650 4 _aLIBROS PARA NIÑOS
650 4 _aLITERATURA INFANTIL
650 4 _aTRADICION ORAL
650 4 _aLITERATURA POPULAR
650 4 _aLITERATURA CONTEMPORANEA
650 4 _aCOSMOLOGIA
653 _aNARRATIVA
655 _aLITERATURA
700 1 _aSáez, Carmen
_eilustrador
942 _cBK
998 _cMARTIN
999 _c15816
_d15816